| 000 | 00808nam a2200241Ia 4500 | ||
|---|---|---|---|
| 003 | OSt | ||
| 005 | 20220923211101.0 | ||
| 006 | a|||||r|||| 00| 0 | ||
| 007 | ta | ||
| 008 | 220922b |||||||| |||| 00| 0 pan d | ||
| 020 |
_a8178832755 (hbk) _c250 |
||
| 024 | _a243,691 | ||
| 037 |
_b305, 08/10/2010, H.K. Prakashan _cTextual |
||
| 040 |
_aARTS _cARTS _bpan |
||
| 041 |
_2pan _apan |
||
| 082 | _aX.1, 153P6 | ||
| 100 |
_aਗੁਰਜਸਵਿੰਦਰ ਸਿੰਘ, ਥਦ. _9157995 |
||
| 245 | 0 | _aਵਿFਵੀਕਰਨ ਦਾ ਪ੍ਰਵਚਨ | |
| 260 |
_aਲੁਧਿਆਣਾ _b ਚੇਤਨਾ _c2006 |
||
| 300 |
_a224ਪੰ _ccm. |
||
| 942 |
_hX.1, 153P6 _cTEXL _2CC |
||
| 999 |
_c294988 _d294988 |
||